El país más hermoso del mundo / (Registro nro. 9239)

Detalles MARC
000 -LIDER
fixed length control field 01001nam a2200313 i 4500
001 - NÚMERO DE CONTROL
Identificador de número de control 0087667
003 - IDENTIFICACDOR DE NÚMERO DE CONTROL
control field DO-SdBPM
005 - DATE AND TIME OF LATEST TRANSACTION
control field 20250204094541.0
007 - CAMPOS FIJOS DE DESCRIPCIÓN FÍSICA
fixed length control field 0087667
008 - ELEMENTOS DE LONGITUD FIJA
fixed length control field 901120s 1989 ck a spa
020 ## - ISBN
International Standard Book Number 9580407479
035 ## - NÚMERO LOCAL
System control number
040 ## - FUENTE DE CATALOGACIÓN
Agencia que crea de manera original el registro DO-SdBPM
Idioma de catalogación spa
Agencia que realiza la transcripción BPMSU
Convenciones de la despripción
082 #4 - NÚMERO DE CLASIFICACIÓN DECIMAL DE DEWEY
Classification number Co863.44
Item number S15p 2004
Edition number 22
100 1# - ASIENTO PRINCIPAL -- NOMBRE PERSONAL
Nombre personal Sánchez Juliao, David,
Fechas asociadas con el nombre 1945-2011
245 13 - MENCIÓN DE TITULO
Título El país más hermoso del mundo /
Mención de responsabilidad David Sánchez Juliao ; ilustraciones de Juan Carlos Nicholls.
Medio (Designación general de material)
Subtítulo
260 ## - PUBLICACIÓN, DISTRIBUCIÓN, ETC. (PIE DE IMPRENTA)
Lugar de publicación, distribución, etc Barcelona :
Nombre del editor, distribuidor, etc. Editorial Norma,
Fecha de publicación, distribución, etc 2004
Impresor
300 ## - DESCRIPCIÓN FÍSICA
Extensión 144 p. :
Otros detalles físicos il. ;
Dimensiones 20 cm.
490 0# - MENCIÓN DE SERIES
Mención de serie Torre de Papel,
Volume/sequential designation 1
500 ## - NOTA GENERAL
Nota general Para niños a partir de los 7 años.
505 0# - NOTA DE CONTENIDO
Texto normalizado de contenido
521 ## - TARGET AUDIENCE NOTE
Target audience note A partir de los 7 años.
590 ## - NOTA LOCAL
Texto de la nota local Inventariado, 2025/VM
650 #4 - ENCABEZAMIENTO DE MATERIA--TEMÁTICO
Término temático o nombre geográfico como elemento de entrada Cuentos infantiles colombianos.
650 #4 - ENCABEZAMIENTO DE MATERIA--TEMÁTICO
Término temático o nombre geográfico como elemento de entrada Literatura infantil colombiana
700 1# - ASIENTO SECUNDARIO -- NOMBRE PERSONAL
Nombre personal Nicholls, Juan Carlos,
Mención de responsabilidad ilustración
Fechas asociadas con el nombre
910 ## - VALIDACIÓN
Validación VMateo V. Control de calidad. BPMSU
942 ## - ADDED ENTRY ELEMENTS (KOHA)
Source of classification or shelving scheme Dewey Decimal Classification
Koha item type Libros
Existencias
Withdrawn status Lost status Source of classification or shelving scheme Damaged status Not for loan Collection code Home library Current library Date acquired Source of acquisition Total Checkouts Full call number Barcode Date last seen Price effective from Koha item type Copy number
    Dewey Decimal Classification     Colección Infantil General Biblioteca Pública Metropolitana Salomé Ureña Biblioteca Pública Metropolitana Salomé Ureña 03/15/2016 FUNDI   BPMSU CGI Co863.44 S15p 2004 BPMSU16030113 03/15/2016 03/15/2016 Libros  
    Dewey Decimal Classification     Colección Infantil General Biblioteca Pública Metropolitana Salomé Ureña Biblioteca Pública Metropolitana Salomé Ureña 03/15/2016 FUNDI   BPMSU CGI Co863.44 S15p 2004 BPMSU16030114 03/15/2016 03/15/2016 Libros e.2
    Dewey Decimal Classification       Biblioteca Pública Metropolitana Salomé Ureña Biblioteca Pública Metropolitana Salomé Ureña 03/15/2016 FUNDI   BPMSU CGI Co863.44 S15p 2004 BPMSU16030115 03/15/2016 03/15/2016 Libros e.3